Guiones para el desarrollo de las prácticas de control y automatismo : 3er. curso : especialidad química / A. Creus, J. Ros 3er. curso :
Publicado:
Barcelona :
E.U. de Ingenieria Técnica Industrial. Departamento de Química Técnica, [198 - ?]
Descripción Física:
35 p. ; 30 cm
Otros Autores:
Ros, J.
Materias:
Química industrial
MARC
| LEADER | 00000nam a2200000Ia 4500 | ||
|---|---|---|---|
| 001 | 1960 | ||
| 008 | 160829s9999 xx 000 0 cat d | ||
| 080 | |a FU-18-5 | ||
| 100 | |a Creus, A. |9 35810 | ||
| 245 | |a Guiones para el desarrollo de las prácticas de control y automatismo : |b 3er. curso : |b especialidad química / A. Creus, J. Ros | ||
| 260 | |a Barcelona : |b E.U. de Ingenieria Técnica Industrial. Departamento de Química Técnica, [198 - ?] | ||
| 300 | |a 35 p. ; |c 30 cm | ||
| 650 | |a Química industrial |9 31936 | ||
| 700 | |a Ros, J. |9 35811 | ||
| 710 | |a Escola Universitària d'Enginyeria Tècnica Industrial de Barcelona. |b Departament de Química Tècnica |9 70049 | ||
| 901 | |a Arxiu | ||
| 942 | |n 1 | ||
| 952 | |0 0 |1 0 |4 0 |6 FU185 |7 1 |9 47080 |a Arxiu |b Arxiu |d 2016-12-01 |l 0 |o FU-18-5 |p 1960 |r 2016-12-01 00:00:00 |w 2016-12-01 |y ARXIU | ||
| 999 | |c 50874 |d 50874 | ||